Countries Containing M - Two Minute Sprint - Statistics

General Stats
  • This quiz has been taken 446 times
  • The average score is 26 of 52
Answer Stats
country % Correct
Mali
82%
Mexico
80%
Malawi
75%
Mauritania
75%
Mauritius
74%
Mozambique
74%
Monaco
71%
Malaysia
70%
Mongolia
68%
Montenegro
66%
Malta
65%
Moldova
63%
Madagascar
62%
Maldives
62%
Morocco
62%
Macedonia
61%
Marshall Islands
59%
Colombia
57%
Panama
52%
United Kingdom
52%
Dominica
50%
Myanmar
50%
Guatemala
49%
Oman
49%
Yemen
49%
Armenia
48%
Dominican Republic
48%
Federated States of Micronesia
48%
Germany
48%
Belgium
47%
San Marino
46%
Cambodia
45%
Suriname
45%
United Arab Emirates
44%
Samoa
43%
Zambia
43%
Zimbabwe
43%
Bahamas
41%
Comoros
41%
Namibia
41%
Denmark
40%
Vietnam
38%
Gambia
37%
Luxembourg
35%
Somalia
35%
Cameroon
34%
Solomon Islands
34%
Romania
33%
Turkmenistan
33%
Jamaica
32%
São Tomé and Príncipe
27%
Timor-Leste
16%
No matching quizzes found
Score Distribution
Percent of People with Each Score
Percentile by Number Answered
Your Score History
You have not taken this quiz